Detalles MARC
| 000 -CABECERA |
| campo de control de longitud fija |
03056nam a2200337 i 4500 |
| 003 - IDENTIFICADOR DEL NÚMERO DE CONTROL |
| campo de control |
AGNRD |
| 005 - FECHA Y HORA DE LA ÚLTIMA TRANSACCIÓN |
| campo de control |
20260519153845.0 |
| 007 - CAMPO FIJO DE DESCRIPCIÓN FÍSICA--INFORMACIÓN GENERAL |
| campo de control de longitud fija |
ta |
| 008 - DATOS DE LONGITUD FIJA--INFORMACIÓN GENERAL |
| campo de control de longitud fija |
260519e2024 dr poc|gr|||||||10|bspapa| |
| 020 ## - NÚMERO INTERNACIONAL ESTÁNDAR DEL LIBRO |
| Número Internacional Estándar del Libro |
9789945251296. |
| 040 ## - FUENTE DE LA CATALOGACIÓN |
| Centro catalogador/agencia de origen |
AGNRD |
| Lengua de catalogación |
Spa |
| Centro/agencia transcriptor |
DO-SdBNP |
| Normas de descripción |
rda |
| Centro/agencia modificador |
BNPHU |
| 041 ## - CÓDIGO DE LENGUA |
| Código de lengua del texto/banda sonora o título independiente |
spa |
| 082 ## - NÚMERO DE LA CLASIFICACIÓN DECIMAL DEWEY |
| Número de clasificación |
RD 781.599 |
| Número de edición |
T266c 2024 |
| Número de documento/Ítem |
22 |
| 100 4# - ENTRADA PRINCIPAL--NOMBRE DE PERSONA |
| 9 (RLIN) |
22809 |
| Nombre de persona |
Tejada, Darío |
| Término indicativo de función/relación |
autor |
| 245 0# - MENCIÓN DE TÍTULO |
| Título |
La crueldad alegre : |
| Resto del título |
la música y el poder : una historia sonora de la dictadura de Trujillo / |
| Mención de responsabilidad, etc. |
Darío Tejeda ; diseño, diagramación y cubierta : Juan Francisco Domínguez Novas. |
| 264 ## - PRODUCCIÓN, PUBLICACIÓN, DISTRIBUCIÓN, FABRICACIÓN Y COPYRIGHT |
| Producción, publicación, distribución, fabricación y copyright |
Santo Domingo, República Dominicana : |
| Nombre del de productor, editor, distribuidor, fabricante |
Archivo General de la Nación, |
| Fecha de producción, publicación, distribución, fabricación o copyright |
2024. |
| 300 4# - DESCRIPCIÓN FÍSICA |
| Extensión |
465 páginas : |
| Otras características físicas |
ilustraciones, fotografías, retratos ; |
| Dimensiones |
25.5 x 18 cm. |
| 336 ## - TIPO DE CONTENIDO |
| Término de tipo de contenido |
texto |
| Código de tipo de contenido |
txt |
| Fuente |
rdacontent |
| 337 ## - TIPO DE MEDIO |
| Nombre/término del tipo de medio |
sin mediación |
| Código del tipo de medio |
n |
| Fuente |
rdamedia |
| 338 ## - TIPO DE SOPORTE |
| Nombre/término del tipo de soporte |
volumen |
| Código del tipo de soporte |
nc |
| Fuente |
rdacarrier |
| 490 ## - MENCIÓN DE SERIE |
| Mención de serie |
Publicaciones del Archivo General de la Nación ; |
| Designación de volumen o secuencia |
volumen 392. |
| 500 ## - NOTA GENERAL |
| Nota general |
Incluye biografía del autor en la solapa. |
| 505 ## - NOTA DE CONTENIDO CON FORMATO |
| Nota de contenido con formato |
Como escuchar los ejemplos musicales de este libro, 13.-- Preludio metodológico sobre la investigación en torno a música y dictadura. Darío Tejeda, 15.-- Prefacio. ¿métodos incruentos? los placeres sensoriales de la música en una dictadura sanguinaria. Darío Tejeda, 19.-- Trujillo, el personaje : un dictador <<benefactor>> / El umbral de la era, 27.-- La dictadura, la música y el poder / Una sonata histórica, 55.-- La configuración del poder sonoro, 65.-- La puesta en escena de la música criolla dominicana, 129.-- La música criolla en la representación sonora de la nación dominicana, 161.-- Disputas musicales frente al escucha, 195.-- El poder sonoro / Las políticas musicales del poder, 231.-- La escena sinfónica y la música de conciertos, 347.-- La música, escena de contrapoder sonoro / Versiones musicales transgresoras, 387.-- Archivos investigados, lugares visitados y fuentes orales consultadas, 415.-- Bibliografía, 421.-- Índice de nombres, 441. |
| 520 ## - SUMARIO, ETC. |
| Sumario, etc. |
La obra "La crueldad alegre: la música y el poder" de Darío Tejeda es una investigación que explora cómo la música fue utilizada como herramienta política por el régimen de Rafael Leónidas Trujillo. Tejeda, con el patrocinio del Archivo General de la Nación, analiza la relación entre cultura y poder, revelando cómo ciertos regímenes han instrumentalizado expresiones culturales para infiltrar la sociedad con políticas determinadas o para enmascararlas. La obra también destaca el papel de la música como símbolo nacional y vehículo de adhesión política, así como su uso como herramienta de persecución y resistencia. |
| 590 ## - NOTA LOCAL (RLIN) |
| Nota local |
Inventariado, 2026/WG. |
| 650 ## - PUNTO DE ACCESO ADICIONAL DE MATERIA--TÉRMINO DE MATERIA |
| 9 (RLIN) |
45518 |
| Término de materia o nombre geográfico como elemento de entrada |
Música |
| Subdivisión general |
Historia |
| Subdivisión geográfica |
República Dominicana |
| 650 ## - PUNTO DE ACCESO ADICIONAL DE MATERIA--TÉRMINO DE MATERIA |
| Término de materia o nombre geográfico como elemento de entrada |
Música |
| Subdivisión general |
Historia |
| Subdivisión cronológica |
Era de Trujillo, 1930-1961 |
| 9 (RLIN) |
89668 |
| 651 ## - PUNTO DE ACCESO ADICIONAL DE MATERIA--NOMBRE GEOGRÁFICO |
| Nombre geográfico |
República Dominicana |
| Subdivisión general |
Política y gobierno |
| Subdivisión cronológica |
Era de Trujillo, 1930-1961 |
| 9 (RLIN) |
106588 |
| 700 ## - PUNTO DE ACCESO ADICIONAL--NOMBRE DE PERSONA |
| Nombre de persona |
Domínguez Novas, Juan Francisco |
| Término indicativo de función/relación |
diseño, diagramación y cubierta. |
| 9 (RLIN) |
102092 |
| 942 ## - ELEMENTOS DE PUNTO DE ACCESO ADICIONAL (KOHA) |
| Fuente del sistema de clasificación o colocación |
Dewey Decimal Classification |
| Tipo de ítem Koha |
Libro |